000 01169nam a2200301 c 4500
999 _c381083
_d381083
003 BLK
005 20200811085343.0
008 180411b bul|||||r ||||||| ||bul||
040 _aBLK
041 _aBUL
_cBUL
080 _aФренски език
_b811.133.1
_x(038)
_z811.133.1(038)
080 _aБългарски език
_b811.163.2
_x(038)
_z811.163.2(038)
100 1 _aКарастоянова, Люба Спирова
_eпърви автор
_9279383
139 _aКарастоянова, Люба Спирова и др.
_bК 36
245 1 0 _aФренско-български речник
_cЛюба Спирова Карастоянова, Никола Ненов Шивачев.
246 1 1 _aDictionnaire francais - bulgare
257 _aBGR
260 _aСофия
_bНаука и изкуство
_c1968
300 _a552 с.
_c15 см
380 _a80
650 _aБългарски език - речници, френско-български
_9425968
700 1 _aШивачев, Никола Ненов
_eсъавт.
_9376065
852 _aЦб І 9959
_bЦб
856 4 _qpdf
856 4 _qpdf
942 _cKNG
_n0
_s1
944 _aCR
_c2020-08-11
_kНора_Радева